| 000 | 00867nam a22002897a 4500 | ||
|---|---|---|---|
| 001 | BR0201185 | ||
| 003 | BR-BrBNA | ||
| 005 | 20230928101008.0 | ||
| 007 | ta | ||
| 008 | 230509b bl.||||| |||| 00| 0 por d | ||
| 040 |
_aBR-BrBNA _bpor _cBiblioteca Nacional de Agricultura |
||
| 041 | _a(Por) | ||
| 072 |
_aL10; L53 _b5212 |
||
| 090 | _ 5212 BR0201185 | ||
| 100 | 1 | _aSilva, M.A. da | |
| 110 | 1 | _aUniversidade Federal do Parana, Curitiba (Brasil) | |
| 245 | 1 | _aTransferencia de embrioes; relatorio de estagio curricular supervisionado | |
| 260 | 3 |
_aCuritiba, PR (Brasil): _c1997. |
|
| 300 | _a112 p. | ||
| 500 | _aBibliography p. 102-112; 7 tables; 30 illus. | ||
| 650 | _aBovino | ||
| 650 | _aTransferencia de Embriao | ||
| 650 | _aReproducao Animal | ||
| 650 | _aMelhoramento Genetico Animal | ||
| 909 |
_a202309 _bLucia _c55 _dLucia Elande |
||
| 942 | _cBK | ||
| 999 |
_c63774 _d63774 |
||